000 00258 a2200109 4500
001 51220
040 _cAnchieta - Pituba
240 1 0 _aFickende Fische
_l
245 1 0 _aFickende Fische
650 4 _aLínguas germânicas (teutônicas) língua alemã
942 _cMX
999 _c51220
_d51220